Đánh giá thích nghi đất đai kết hợp với ứng dụng phương pháp toán tối ưu đề xuất quy mô, kiểu sử dụng đất nông nghiệp hiệu quả làm cơ sở cho quy hoạch sử dụng đất đai bền vững cấp huyện : Báo cáo khoa học đề tài nghiên cứu cấp trường
Nội dung đề tài phân hạng thích nghi đất đai của các kiểu sử dụng đất nông nghiệp, ứng dụng mô hình toán tối ưu để đề xuất phương án sử dụng đất nông nghiệp hiệu quả và quy trình kết hợp đánh giá thích nghi đất đai và phương pháp toá...
Guardat en:
| Autor principal: | |
|---|---|
| Format: | Llibre |
| Idioma: | Undetermined |
| Publicat: |
Cần Thơ
Trường Đại học Cần Thơ
2011
|
| Matèries: | |
| Etiquetes: |
Afegir etiqueta
Sense etiquetes, Sigues el primer a etiquetar aquest registre!
|
| Thư viện lưu trữ: | Trung tâm Học liệu Trường Đại học Cần Thơ |
|---|
| LEADER | 01572nam a2200229Ia 4500 | ||
|---|---|---|---|
| 001 | CTU_203832 | ||
| 008 | 210402s9999 xx 000 0 und d | ||
| 082 | |a 631.47 | ||
| 082 | |b K308 | ||
| 088 | |a T2011-66 | ||
| 100 | |a Nguyễn, Hữu Kiệt | ||
| 245 | 0 | |a Đánh giá thích nghi đất đai kết hợp với ứng dụng phương pháp toán tối ưu đề xuất quy mô, kiểu sử dụng đất nông nghiệp hiệu quả làm cơ sở cho quy hoạch sử dụng đất đai bền vững cấp huyện : | |
| 245 | 0 | |b Báo cáo khoa học đề tài nghiên cứu cấp trường | |
| 245 | 0 | |c Nguyễn Hữu Kiệt (chủ nhiệm đề tài) ; Lê Quang Trí ... [et al.] (Tham gia thực hiện) | |
| 260 | |a Cần Thơ | ||
| 260 | |b Trường Đại học Cần Thơ | ||
| 260 | |c 2011 | ||
| 520 | |a Nội dung đề tài phân hạng thích nghi đất đai của các kiểu sử dụng đất nông nghiệp, ứng dụng mô hình toán tối ưu để đề xuất phương án sử dụng đất nông nghiệp hiệu quả và quy trình kết hợp đánh giá thích nghi đất đai và phương pháp toán tối ưu sử dụng hiệu quả đất nông nghiệp. | ||
| 650 | |a Agricultural land,Đất nông nghiệp,Soil management,Quản lý đất đai | ||
| 904 | |i Tuyến | ||
| 915 | |a NN | ||
| 980 | |a Trung tâm Học liệu Trường Đại học Cần Thơ | ||